Process and experience in the language classroom/ (Record no. 19441)

MARC details
000 -LEADER
fixed length control field 00480nam a22001577a 4500
008 - FIXED-LENGTH DATA ELEMENTS--GENERAL INFORMATION
fixed length control field 220822b |||||||| |||| 00| 0 eng d
020 ## - INTERNATIONAL STANDARD BOOK NUMBER
International Standard Book Number 0582016541
050 ## - LIBRARY OF CONGRESS CALL NUMBER
Classification number PB35
Item number .L44 1991 C.1
100 ## - MAIN ENTRY--PERSONAL NAME
Personal name Legutke, Michael
245 ## - TITLE STATEMENT
Title Process and experience in the language classroom/
Statement of responsibility, etc. Michael Legutke
260 ## - PUBLICATION, DISTRIBUTION, ETC. (IMPRINT)
Place of publication, distribution, etc. New York
Name of publisher, distributor, etc. Pearson Education Limited
Date of publication, distribution, etc. 1991
300 ## - PHYSICAL DESCRIPTION
Extent xv. 332p.
650 ## - SUBJECT ADDED ENTRY--TOPICAL TERM
Topical term or geographic name as entry element Languages, modern
Form subdivision Study and teaching
700 ## - ADDED ENTRY--PERSONAL NAME
Personal name Thomas, Howard
942 ## - ADDED ENTRY ELEMENTS (KOHA)
Source of classification or shelving scheme Library of Congress Classification
Koha item type General Collection
Holdings
Withdrawn status Lost status Source of classification or shelving scheme Not for loan Home library Current library Date acquired Cost, normal purchase price Inventory number Total Checkouts Full call number Barcode Date last seen Copy number Price effective from Koha item type
    Library of Congress Classification   Kabarak, Main Campus Kabarak, Main Campus 22/08/2022 5814.00 0891/2022   PB35 .L44 1991 C.1 032406 22/08/2022 C.1 22/08/2022 General Collection
Designed with assistance from East African Informatics Ltd